[Event "DEM U18w 2021"]
[Site "Willingen GER"]
[Date "2021.08.27"]
[Round "7"]
[White "Wagner, Victoria"]
[Black "Basovskiy, Jana"]
[Result "1-0"]
[Termination "normal"]
[Board "2"]
[WhiteElo "1657"]
[BlackElo "1784"]
[WhiteClock "00:02:08"]
[BlackClock "00:24:23"]
[PlyCount "129"]
[WhiteFideId "16232348"]
[BlackFideId "16208617"]
[EventCountry "GER"]
[EventRounds "9"]
[EventType "swiss"]
[EventDate "2021.08.22"]

1. e4 {[%clk 1:30:57]} c5 {[%clk 1:30:56]} 2. Nf3 {[%clk 1:31:20]} e6 {[%clk
1:31:23]} 3. d4 {[%clk 1:31:45]} cxd4 {[%clk 1:31:49]} 4. Nxd4 {[%clk 1:32:11]}
Nf6 {[%clk 1:32:13]} 5. Nc3 {[%clk 1:32:33]} Nc6 {[%clk 1:32:39]} 6. Ndb5
{[%clk 1:32:44]} Bc5 {[%clk 1:33:03]} 7. Bf4 {[%clk 1:32:47]} O-O {[%clk
1:33:26]} 8. Bc7 {[%clk 1:32:43]} Qe7 {[%clk 1:33:51]} 9. Bd6 {[%clk 1:32:47]}
Bxd6 {[%clk 1:34:15]} 10. Qxd6 {[%clk 1:33:07]} Qd8 {[%clk 1:34:38]} 11. Nc7
{[%clk 1:32:49]} Rb8 {[%clk 1:35:03]} 12. Be2 {[%clk 1:32:48]} b5 {[%clk
1:32:47]} 13. e5 {[%clk 1:30:22]} b4 {[%clk 1:32:33]} 14. exf6 {[%clk 1:29:36]}
bxc3 {[%clk 1:32:57]} 15. fxg7 {[%clk 1:29:47]} Kxg7 {[%clk 1:33:19]} 16. Qg3+
{[%clk 1:29:56]} Kh8 {[%clk 1:33:43]} 17. Qxc3+ {[%clk 1:29:57]} e5 {[%clk
1:34:08]} 18. Nd5 {[%clk 1:29:23]} Nd4 {[%clk 1:33:53]} 19. Rd1 {[%clk
1:28:17]} Bb7 {[%clk 1:33:12]} 20. Rxd4 {[%clk 1:23:16]} exd4 {[%clk 1:31:04]}
21. Qxd4+ f6 {[%clk 1:31:12]} 22. Ne3 {[%clk 1:06:17]} Qa5+ {[%clk 1:27:51]}
23. b4 {[%clk 1:04:16]} Qb6 {[%clk 1:27:35]} 24. Qxb6 {[%clk 0:45:06]} axb6
{[%clk 1:27:19]} 25. Bc4 {[%clk 0:43:30]} Rbc8 {[%clk 1:17:20]} 26. O-O {[%clk
0:37:20]} d5 {[%clk 1:00:32]} 27. Bb3 {[%clk 0:28:41]} d4 {[%clk 0:57:24]} 28.
Nf5 {[%clk 0:22:31]} Ba6 {[%clk 0:57:10]} 29. Rd1 {[%clk 0:20:57]} d3 {[%clk
0:57:19]} 30. cxd3 {[%clk 0:18:14]} Rfd8 {[%clk 0:57:06]} 31. d4 {[%clk
0:13:26]} Be2 {[%clk 0:54:42]} 32. Re1 {[%clk 0:11:59]} Bd3 {[%clk 0:55:07]}
33. Ne7 {[%clk 0:08:01]} Re8 {[%clk 0:53:04]} 34. h3 {[%clk 0:08:19]} Rc7
{[%clk 0:40:59]} 35. Re3 {[%clk 0:08:08]} Rcxe7 {[%clk 0:39:00]} 36. Rxd3
{[%clk 0:08:24]} Re1+ {[%clk 0:38:42]} 37. Kh2 {[%clk 0:08:48]} R1e4 {[%clk
0:38:23]} 38. b5 {[%clk 0:03:23]} Rd8 {[%clk 0:34:35]} 39. d5 {[%clk 0:02:40]}
Rd6 {[%clk 0:34:31]} 40. Rc3 {[%clk 0:01:23]} Re7 {[%clk 0:33:12]} 41. Rc6
{[%clk 0:00:55]} Red7 {[%clk 0:32:10]} 42. a4 {[%clk 0:23:25]} Kg7 {[%clk
1:00:17]} 43. a5 {[%clk 0:16:59]} bxa5 {[%clk 1:00:38]} 44. b6 {[%clk 0:15:23]}
Rxd5 {[%clk 1:00:55]} 45. Bxd5 {[%clk 0:15:12]} Rxd5 {[%clk 1:01:20]} 46. b7
{[%clk 0:14:26]} Rb5 {[%clk 1:01:46]} 47. Ra6 {[%clk 0:14:41]} Rxb7 {[%clk
1:01:53]} 48. Rxa5 {[%clk 0:15:07]} Rb3 {[%clk 1:00:15]} 49. f3 {[%clk
0:14:16]} Rb4 {[%clk 1:00:07]} 50. g4 {[%clk 0:13:05]} Kg6 {[%clk 0:59:26]} 51.
Kg3 {[%clk 0:12:58]} Rc4 {[%clk 0:58:21]} 52. h4 {[%clk 0:08:05]} Rc6 {[%clk
0:55:05]} 53. h5+ {[%clk 0:05:29]} Kg7 {[%clk 0:54:45]} 54. Kf4 {[%clk
0:04:47]} Rc7 {[%clk 0:50:22]} 55. Kf5 {[%clk 0:04:32]} h6 {[%clk 0:50:10]} 56.
f4 {[%clk 0:02:00]} Rb7 {[%clk 0:50:18]} 57. Rd5 {[%clk 0:01:32]} Ra7 {[%clk
0:49:37]} 58. Ke6 {[%clk 0:01:02]} Ra6+ {[%clk 0:40:47]} 59. Kf5 {[%clk
0:01:19]} Ra7 {[%clk 0:41:02]} 60. Rd6 {[%clk 0:01:11]} Ra5+ {[%clk 0:29:15]}
61. Ke6 {[%clk 0:01:34]} Ra4 {[%clk 0:28:58]} 62. Rd7+ {[%clk 0:01:50]} Kg8
{[%clk 0:29:12]} 63. Kf5 {[%clk 0:01:56]} Rb4 {[%clk 0:24:27]} 64. Kg6 {[%clk
0:01:45]} Kf8 {[%clk 0:24:23]} 65. Rf7+ {[%clk 0:02:08]} 1-0

[Event "DEM U18w 2021"]
[Site "Willingen GER"]
[Date "2021.08.27"]
[Round "7"]
[White "Schneider, Katharina"]
[Black "Garbuz, Nicole"]
[Result "1/2-1/2"]
[Termination "normal"]
[Board "3"]
[WhiteElo "1738"]
[BlackElo "1695"]
[WhiteClock "00:01:42"]
[BlackClock "00:08:33"]
[PlyCount "114"]
[WhiteFideId "16200519"]
[BlackFideId "12990701"]
[EventCountry "GER"]
[EventRounds "9"]
[EventType "swiss"]
[EventDate "2021.08.22"]

1. e4 {[%clk 1:30:58]} e5 {[%clk 1:30:56]} 2. d4 {[%clk 1:31:24]} exd4 {[%clk
1:31:11]} 3. Qxd4 {[%clk 1:31:49]} Nc6 {[%clk 1:29:58]} 4. Qe3 {[%clk 1:32:12]}
Nf6 {[%clk 1:18:08]} 5. Bd2 {[%clk 1:32:37]} Bb4 {[%clk 1:13:22]} 6. a3 {[%clk
1:32:58]} Bxd2+ {[%clk 1:12:37]} 7. Nxd2 {[%clk 1:33:24]} Qe7 {[%clk 1:11:42]}
8. O-O-O {[%clk 1:28:47]} d6 {[%clk 1:05:50]} 9. f4 {[%clk 1:25:17]} Bd7 {[%clk
0:55:15]} 10. h3 {[%clk 1:14:31]} O-O-O {[%clk 0:54:49]} 11. Bd3 {[%clk
1:00:47]} Rhe8 {[%clk 0:51:40]} 12. Ne2 {[%clk 0:50:09]} Bf5 {[%clk 0:40:22]}
13. Ng3 {[%clk 0:44:26]} Bd7 {[%clk 0:30:30]} 14. Qf2 {[%clk 0:40:25]} Qf8
{[%clk 0:27:41]} 15. Nf3 {[%clk 0:35:20]} Kb8 {[%clk 0:25:08]} 16. Rhe1 {[%clk
0:32:17]} h6 {[%clk 0:19:32]} 17. Nd4 {[%clk 0:25:15]} Nxd4 {[%clk 0:16:07]}
18. Qxd4 {[%clk 0:25:38]} Bc6 {[%clk 0:16:20]} 19. Kb1 {[%clk 0:17:27]} Nd7
{[%clk 0:14:37]} 20. b4 {[%clk 0:15:44]} Ba4 {[%clk 0:11:18]} 21. Ne2 {[%clk
0:07:14]} a6 {[%clk 0:10:00]} 22. Nc3 {[%clk 0:07:13]} Nb6 {[%clk 0:06:35]} 23.
Nxa4 {[%clk 0:05:44]} Nxa4 {[%clk 0:06:29]} 24. b5 {[%clk 0:05:33]} Nc5 {[%clk
0:06:23]} 25. bxa6 {[%clk 0:05:51]} Nxa6 {[%clk 0:05:30]} 26. Bxa6 {[%clk
0:06:15]} bxa6 {[%clk 0:05:50]} 27. Ka2 {[%clk 0:04:14]} c5 {[%clk 0:05:45]}
28. Rb1+ {[%clk 0:03:46]} Ka7 {[%clk 0:05:59]} 29. Qd5 {[%clk 0:03:42]} Rb8
{[%clk 0:05:59]} 30. e5 {[%clk 0:03:04]} dxe5 {[%clk 0:05:21]} 31. Qd7+ {[%clk
0:03:03]} Ka8 {[%clk 0:05:37]} 32. Qc6+ {[%clk 0:02:43]} Ka7 {[%clk 0:05:55]}
33. Rxe5 {[%clk 0:01:57]} Rxe5 {[%clk 0:05:11]} 34. Qc7+ {[%clk 0:02:19]} Ka8
{[%clk 0:05:00]} 35. fxe5 {[%clk 0:01:30]} Rxb1 {[%clk 0:05:17]} 36. Kxb1
{[%clk 0:01:56]} g6 {[%clk 0:02:00]} 37. Qc6+ {[%clk 0:01:07]} Ka7 {[%clk
0:02:18]} 38. Qd7+ {[%clk 0:01:01]} Ka8 {[%clk 0:01:23]} 39. Kc1 {[%clk
0:00:51]} c4 {[%clk 0:00:47]} 40. Qc6+ {[%clk 0:00:40]} Ka7 {[%clk 0:00:59]}
41. Qc7+ {[%clk 0:20:36]} Ka8 {[%clk 0:30:55]} 42. Qd6 {[%clk 0:18:00]} Qc8
{[%clk 0:09:39]} 43. Qd5+ {[%clk 0:17:28]} Kb8 {[%clk 0:08:10]} 44. Qxf7 {[%clk
0:16:19]} Qc5 {[%clk 0:08:24]} 45. e6 {[%clk 0:06:55]} Qxa3+ {[%clk 0:07:59]}
46. Kd1 {[%clk 0:07:13]} Qa1+ {[%clk 0:06:22]} 47. Ke2 {[%clk 0:06:20]} Qe5+
{[%clk 0:06:44]} 48. Kf1 {[%clk 0:03:43]} Qa1+ {[%clk 0:06:58]} 49. Kf2 {[%clk
0:03:07]} Qd4+ {[%clk 0:07:14]} 50. Kg3 {[%clk 0:02:32]} Qe3+ {[%clk 0:06:40]}
51. Kh2 {[%clk 0:02:19]} Qe5+ {[%clk 0:06:53]} 52. Kh1 {[%clk 0:01:29]} Qe1+
{[%clk 0:07:11]} 53. Kh2 {[%clk 0:01:55]} Qe5+ {[%clk 0:07:32]} 54. g3 {[%clk
0:01:30]} Qe2+ {[%clk 0:07:56]} 55. Kg1 {[%clk 0:01:42]} Qe1+ {[%clk 0:08:16]}
56. Kg2 {[%clk 0:01:58]} Qe2+ {[%clk 0:08:33]} 57. Kg1 {[%clk 0:01:42]} Qe1+
1/2-1/2

[Event "DEM U18w 2021"]
[Site "Willingen GER"]
[Date "2021.08.27"]
[Round "7"]
[White "Schilay, Maria"]
[Black "Bui, Ngoc Han Julia"]
[Result "0-1"]
[Termination "normal"]
[Board "4"]
[WhiteElo "1481"]
[BlackElo "1891"]
[WhiteClock "00:24:52"]
[BlackClock "00:33:43"]
[PlyCount "113"]
[WhiteFideId "12942979"]
[BlackFideId "12977055"]
[EventCountry "GER"]
[EventRounds "9"]
[EventType "swiss"]
[EventDate "2021.08.22"]

1. e4 {[%clk 1:30:55]} c5 {[%clk 1:30:54]} 2. Nc3 {[%clk 1:31:10]} d6 {[%clk
1:31:11]} 3. g3 {[%clk 1:31:14]} Nc6 {[%clk 1:31:08]} 4. Bg2 {[%clk 1:31:18]}
g6 {[%clk 1:31:29]} 5. d3 {[%clk 1:31:15]} Bg7 {[%clk 1:31:45]} 6. Be3 {[%clk
1:31:04]} Rb8 {[%clk 1:31:50]} 7. Qd2 {[%clk 1:30:14]} b5 {[%clk 1:32:09]} 8.
f4 {[%clk 1:26:11]} b4 {[%clk 1:30:33]} 9. Nd1 {[%clk 1:26:03]} Bd7 {[%clk
1:29:15]} 10. Nf3 {[%clk 1:21:48]} Nd4 {[%clk 1:26:54]} 11. O-O {[%clk
1:15:16]} Nxf3+ {[%clk 1:26:11]} 12. Bxf3 {[%clk 1:14:38]} Nf6 {[%clk 1:26:19]}
13. d4 {[%clk 1:10:22]} c4 {[%clk 1:07:42]} 14. e5 {[%clk 1:00:06]} Ng4 {[%clk
1:06:52]} 15. Re1 {[%clk 0:49:28]} O-O {[%clk 1:02:04]} 16. Kg2 {[%clk
0:27:35]} Nxe3+ {[%clk 1:01:13]} 17. Nxe3 {[%clk 0:27:22]} dxe5 {[%clk
1:00:36]} 18. fxe5 {[%clk 0:26:26]} Bxe5 {[%clk 0:50:23]} 19. Nxc4 {[%clk
0:21:54]} Bf6 {[%clk 0:39:47]} 20. Rad1 {[%clk 0:18:47]} Qc7 {[%clk 0:36:19]}
21. Ne3 {[%clk 0:15:09]} Bc6 {[%clk 0:35:04]} 22. Rf1 {[%clk 0:13:05]} Rfd8
{[%clk 0:34:12]} 23. Bxc6 {[%clk 0:07:43]} Qxc6+ {[%clk 0:34:40]} 24. d5 {[%clk
0:06:33]} Qd7 {[%clk 0:34:00]} 25. Rf4 {[%clk 0:04:03]} Bg5 {[%clk 0:32:38]}
26. Rd4 {[%clk 0:04:02]} Rb6 {[%clk 0:30:01]} 27. Qe1 {[%clk 0:03:17]} Qb7
{[%clk 0:23:20]} 28. Kf2 {[%clk 0:02:23]} Bf6 {[%clk 0:21:47]} 29. R4d3 {[%clk
0:02:13]} Bxb2 {[%clk 0:20:55]} 30. Kg1 {[%clk 0:01:20]} Bc3 {[%clk 0:19:44]}
31. Qe2 {[%clk 0:01:33]} Rbd6 {[%clk 0:17:14]} 32. Qf3 {[%clk 0:00:59]} Qc7
{[%clk 0:11:16]} 33. Qg2 {[%clk 0:01:00]} a5 {[%clk 0:10:15]} 34. Kh1 {[%clk
0:01:12]} Bg7 {[%clk 0:08:12]} 35. R1d2 {[%clk 0:00:53]} Bh6 {[%clk 0:08:19]}
36. Qf3 {[%clk 0:01:07]} Qb7 {[%clk 0:07:12]} 37. Rd1 {[%clk 0:00:42]} Bxe3
{[%clk 0:07:23]} 38. Qxe3 {[%clk 0:00:51]} e6 {[%clk 0:07:31]} 39. Kg1 {[%clk
0:01:00]} Rxd5 {[%clk 0:07:39]} 40. Qf3 {[%clk 0:00:35]} Qb6+ {[%clk 0:06:24]}
41. Kg2 {[%clk 0:27:35]} Rxd3 {[%clk 0:35:29]} 42. Rxd3 {[%clk 0:27:20]} Rxd3
{[%clk 0:35:43]} 43. Qxd3 {[%clk 0:27:27]} Qc6+ {[%clk 0:35:47]} 44. Kf2 {[%clk
0:27:17]} Qc5+ {[%clk 0:36:01]} 45. Ke2 {[%clk 0:27:09]} Kg7 {[%clk 0:35:55]}
46. Kd2 {[%clk 0:26:14]} Qd5 {[%clk 0:31:51]} 47. Qxd5 {[%clk 0:26:05]} exd5
{[%clk 0:32:15]} 48. Kd3 {[%clk 0:26:06]} Kf6 {[%clk 0:32:41]} 49. Kd4 {[%clk
0:26:12]} Ke6 {[%clk 0:33:06]} 50. Kc5 {[%clk 0:26:09]} Ke5 {[%clk 0:33:18]}
51. Kb5 {[%clk 0:26:09]} Kd4 {[%clk 0:33:38]} 52. Kxa5 {[%clk 0:26:18]} Kc3
{[%clk 0:33:21]} 53. Kb5 {[%clk 0:25:23]} d4 {[%clk 0:33:20]} 54. h3 {[%clk
0:25:14]} f5 {[%clk 0:33:05]} 55. h4 {[%clk 0:24:44]} h6 {[%clk 0:33:21]} 56.
Kc5 {[%clk 0:24:52]} g5 {[%clk 0:33:43]} 57. Kxd4+ 0-1

[Event "DEM U18w 2021"]
[Site "Willingen GER"]
[Date "2021.08.27"]
[Round "7"]
[White "Bardorz, Jana"]
[Black "Peschel, Julia"]
[Result "1-0"]
[Termination "normal"]
[Board "5"]
[WhiteElo "1883"]
[BlackElo "1410"]
[WhiteClock "00:05:07"]
[BlackClock "00:01:11"]
[PlyCount "77"]
[WhiteFideId "16208897"]
[BlackFideId "16255593"]
[EventCountry "GER"]
[EventRounds "9"]
[EventType "swiss"]
[EventDate "2021.08.22"]

1. e4 {[%clk 1:30:57]} e5 {[%clk 1:30:50]} 2. Nf3 {[%clk 1:31:20]} Nc6 {[%clk
1:31:14]} 3. Bc4 {[%clk 1:31:43]} Bc5 {[%clk 1:31:35]} 4. c3 {[%clk 1:32:07]}
Nf6 {[%clk 1:31:52]} 5. d4 {[%clk 1:32:21]} exd4 {[%clk 1:31:21]} 6. e5 {[%clk
1:32:38]} d5 {[%clk 1:30:14]} 7. Bb5 {[%clk 1:32:47]} Ne4 {[%clk 1:30:11]} 8.
cxd4 {[%clk 1:33:05]} Bb6 {[%clk 1:30:27]} 9. Nc3 {[%clk 1:32:58]} Bg4 {[%clk
1:29:26]} 10. Be3 {[%clk 1:31:21]} O-O {[%clk 1:28:28]} 11. h3 {[%clk 1:30:46]}
Bh5 {[%clk 1:27:41]} 12. Qc2 {[%clk 1:29:26]} Bg6 {[%clk 1:23:06]} 13. Qb3
{[%clk 1:28:36]} Nxc3 14. bxc3 {[%clk 1:27:19]} f6 {[%clk 1:02:51]} 15. exf6
{[%clk 1:19:49]} Na5 {[%clk 0:55:43]} 16. Qd1 {[%clk 1:15:55]} Qxf6 {[%clk
0:55:34]} 17. Ne5 {[%clk 1:10:52]} Bf5 {[%clk 0:49:06]} 18. O-O {[%clk
1:08:23]} c6 {[%clk 0:45:06]} 19. Bd3 {[%clk 1:06:36]} Bc7 {[%clk 0:40:46]} 20.
f4 {[%clk 1:03:59]} b6 {[%clk 0:33:47]} 21. Bxf5 {[%clk 0:51:34]} Qxf5 {[%clk
0:33:58]} 22. Qf3 {[%clk 0:50:45]} Rac8 {[%clk 0:26:19]} 23. g4 {[%clk
0:45:37]} Qe6 {[%clk 0:23:13]} 24. Rae1 {[%clk 0:44:33]} Nc4 {[%clk 0:21:45]}
25. f5 {[%clk 0:38:13]} Qd6 {[%clk 0:18:04]} 26. Bf4 {[%clk 0:36:25]} Qa3
{[%clk 0:16:50]} 27. Nxc6 {[%clk 0:29:01]} Bxf4 {[%clk 0:09:45]} 28. Ne7+
{[%clk 0:26:37]} Kh8 {[%clk 0:10:05]} 29. Qxf4 {[%clk 0:22:49]} Rcd8 {[%clk
0:07:27]} 30. Nc6 {[%clk 0:21:07]} Rc8 {[%clk 0:07:40]} 31. Re6 {[%clk
0:17:48]} Qxa2 {[%clk 0:06:28]} 32. f6 {[%clk 0:16:29]} Qd2 {[%clk 0:03:44]}
33. Qf5 {[%clk 0:07:16]} Qh6 {[%clk 0:02:58]} 34. g5 {[%clk 0:05:49]} Qg6
{[%clk 0:02:23]} 35. Qxg6 hxg6 36. Ne7 {[%clk 0:05:18]} Rfe8 {[%clk 0:01:55]}
37. Nxc8 {[%clk 0:04:19]} Rxc8 {[%clk 0:00:55]} 38. f7 {[%clk 0:04:42]} Rf8
{[%clk 0:01:11]} 39. Re8 {[%clk 0:05:07]} 1-0

[Event "DEM U18w 2021"]
[Site "Willingen GER"]
[Date "2021.08.27"]
[Round "7"]
[White "Peglau, Dora"]
[Black "Schmidt, Antonia"]
[Result "1-0"]
[Termination "normal"]
[Board "6"]
[WhiteElo "1906"]
[BlackElo "1651"]
[WhiteClock "00:23:45"]
[BlackClock "00:20:50"]
[PlyCount "89"]
[WhiteFideId "16220005"]
[BlackFideId "16291280"]
[EventCountry "GER"]
[EventRounds "9"]
[EventType "swiss"]
[EventDate "2021.08.22"]

1. d4 {[%clk 1:30:57]} g6 {[%clk 1:30:55]} 2. c4 {[%clk 1:31:19]} Bg7 {[%clk
1:31:21]} 3. Nf3 {[%clk 1:31:32]} Nf6 {[%clk 1:31:10]} 4. g3 {[%clk 1:31:49]}
d6 {[%clk 1:27:40]} 5. Bg2 {[%clk 1:32:12]} c6 {[%clk 1:27:30]} 6. O-O {[%clk
1:31:56]} Bd7 {[%clk 1:22:05]} 7. Nc3 {[%clk 1:31:42]} Qc8 {[%clk 1:21:21]} 8.
Re1 {[%clk 1:28:52]} Na6 {[%clk 1:17:32]} 9. e4 {[%clk 1:21:33]} O-O {[%clk
1:15:08]} 10. b3 {[%clk 1:15:56]} c5 {[%clk 1:06:27]} 11. Bb2 {[%clk 1:08:26]}
cxd4 {[%clk 0:59:23]} 12. Nxd4 {[%clk 1:08:32]} Nc5 {[%clk 0:59:32]} 13. Qd2
{[%clk 1:04:41]} Rb8 {[%clk 0:53:06]} 14. Rac1 {[%clk 1:00:28]} Ng4 {[%clk
0:48:28]} 15. Nd5 {[%clk 0:55:19]} Re8 {[%clk 0:44:22]} 16. f4 {[%clk 0:47:41]}
Bh6 {[%clk 0:41:48]} 17. Nb5 {[%clk 0:38:02]} Ne5 {[%clk 0:33:27]} 18. Bxe5
{[%clk 0:32:10]} dxe5 {[%clk 0:33:22]} 19. Nbc7 {[%clk 0:27:45]} Ne6 {[%clk
0:23:11]} 20. Nxe8 {[%clk 0:25:22]} Qxe8 {[%clk 0:23:32]} 21. Rcd1 {[%clk
0:20:43]} Bc6 {[%clk 0:22:10]} 22. Qb4 {[%clk 0:18:42]} exf4 {[%clk 0:17:04]}
23. Nxe7+ {[%clk 0:15:14]} Kh8 {[%clk 0:17:01]} 24. Nd5 {[%clk 0:12:46]} Bf8
{[%clk 0:14:31]} 25. Qd2 {[%clk 0:10:50]} fxg3 {[%clk 0:10:03]} 26. hxg3 {[%clk
0:11:09]} a6 {[%clk 0:08:29]} 27. b4 {[%clk 0:05:45]} Bg7 {[%clk 0:06:50]} 28.
Rf1 {[%clk 0:04:23]} h6 {[%clk 0:06:23]} 29. Qf2 {[%clk 0:02:44]} Ng5 {[%clk
0:06:07]} 30. Rde1 {[%clk 0:01:28]} Rd8 {[%clk 0:05:03]} 31. Nf6 {[%clk
0:01:03]} Qe6 {[%clk 0:04:32]} 32. c5 {[%clk 0:00:46]} Bb5 {[%clk 0:04:26]} 33.
e5 {[%clk 0:00:34]} Bc6 {[%clk 0:04:10]} 34. Rd1 {[%clk 0:00:39]} Rf8 {[%clk
0:04:00]} 35. Rfe1 {[%clk 0:00:37]} Rb8 {[%clk 0:03:19]} 36. Rd6 {[%clk
0:00:52]} Qe7 {[%clk 0:03:04]} 37. Kh2 {[%clk 0:00:55]} Bf8 {[%clk 0:02:46]}
38. a3 {[%clk 0:00:39]} Qc7 {[%clk 0:03:00]} 39. Rd3 {[%clk 0:00:38]} Qc8
{[%clk 0:02:20]} 40. Bxc6 {[%clk 0:00:34]} Qh3+ {[%clk 0:01:03]} 41. Kg1 {[%clk
0:01:02]} bxc6 {[%clk 0:01:16]} 42. Nd7 {[%clk 0:28:59]} Re8 {[%clk 0:20:27]}
43. Nxf8 {[%clk 0:28:16]} Rxf8 {[%clk 0:20:47]} 44. Qf6+ {[%clk 0:23:45]} Kh7
{[%clk 0:20:50]} 45. Qxc6 1-0

[Event "DEM U18w 2021"]
[Site "Willingen GER"]
[Date "2021.08.27"]
[Round "7"]
[White "Trams, Emma Joe"]
[Black "Stowicek, Yara Mathilda"]
[Result "1/2-1/2"]
[Termination "normal"]
[Board "7"]
[WhiteElo "1466"]
[BlackElo "1823"]
[WhiteClock "00:26:22"]
[BlackClock "00:14:42"]
[PlyCount "80"]
[WhiteFideId "16206517"]
[BlackFideId "16203569"]
[EventCountry "GER"]
[EventRounds "9"]
[EventType "swiss"]
[EventDate "2021.08.22"]

1. e4 {[%clk 1:30:59]} e5 {[%clk 1:30:55]} 2. Nf3 {[%clk 1:31:25]} Nc6 {[%clk
1:31:20]} 3. Bb5 {[%clk 1:31:50]} a6 {[%clk 1:31:43]} 4. Ba4 {[%clk 1:32:15]}
Nf6 {[%clk 1:32:06]} 5. O-O {[%clk 1:32:31]} Nxe4 {[%clk 1:32:08]} 6. Re1
{[%clk 1:32:37]} Nc5 {[%clk 1:32:12]} 7. Nxe5 {[%clk 1:32:35]} Nxe5 {[%clk
1:30:12]} 8. Rxe5+ {[%clk 1:32:35]} Be7 {[%clk 1:30:29]} 9. Nc3 {[%clk
1:31:41]} O-O {[%clk 1:28:54]} 10. d3 {[%clk 1:29:36]} d6 {[%clk 1:21:15]} 11.
Re3 {[%clk 1:28:22]} d5 {[%clk 1:13:51]} 12. d4 {[%clk 1:28:11]} Nxa4 {[%clk
1:09:12]} 13. Nxa4 {[%clk 1:28:29]} Bd6 {[%clk 1:09:23]} 14. h3 {[%clk
1:27:28]} Bf5 {[%clk 1:04:44]} 15. Nc3 {[%clk 1:23:56]} c6 {[%clk 1:03:28]} 16.
Ne2 {[%clk 1:21:12]} Qh4 {[%clk 0:59:57]} 17. Ng3 {[%clk 1:18:43]} Bg6 {[%clk
0:59:36]} 18. c3 {[%clk 1:17:36]} f5 {[%clk 0:56:24]} 19. Nf1 {[%clk 1:14:57]}
Rae8 {[%clk 0:51:45]} 20. Bd2 {[%clk 1:07:32]} Bh5 {[%clk 0:47:25]} 21. f3
{[%clk 1:05:46]} f4 {[%clk 0:41:04]} 22. Rxe8 {[%clk 1:01:16]} Rxe8 {[%clk
0:41:25]} 23. Be1 {[%clk 1:00:43]} Qg5 {[%clk 0:40:42]} 24. Nh2 {[%clk
0:59:35]} Bg6 {[%clk 0:38:39]} 25. Ng4 {[%clk 0:55:31]} h5 {[%clk 0:38:25]} 26.
Ne5 {[%clk 0:55:33]} Bxe5 {[%clk 0:38:04]} 27. dxe5 {[%clk 0:55:48]} Qxe5
{[%clk 0:36:50]} 28. b4 {[%clk 0:51:03]} Bf5 {[%clk 0:33:28]} 29. a4 {[%clk
0:49:28]} g5 {[%clk 0:32:33]} 30. Bd2 {[%clk 0:49:17]} Kf7 {[%clk 0:30:23]} 31.
Qe1 {[%clk 0:48:50]} Qe2 {[%clk 0:28:47]} 32. Qxe2 {[%clk 0:44:58]} Rxe2 {[%clk
0:29:12]} 33. Be1 {[%clk 0:41:58]} Bd3 {[%clk 0:26:29]} 34. Bf2 {[%clk
0:37:35]} Kf6 {[%clk 0:18:36]} 35. Rc1 {[%clk 0:37:29]} Kf5 {[%clk 0:18:18]}
36. a5 {[%clk 0:35:07]} g4 {[%clk 0:17:22]} 37. hxg4+ {[%clk 0:29:49]} hxg4
{[%clk 0:17:00]} 38. Re1 {[%clk 0:26:27]} g3 {[%clk 0:14:20]} 39. Rxe2 {[%clk
0:26:16]} Bxe2 {[%clk 0:14:42]} 40. Bd4 {[%clk 0:26:22]} Ke5 1/2-1/2

[Event "DEM U18w 2021"]
[Site "Willingen GER"]
[Date "2021.08.27"]
[Round "7"]
[White "Rudolph, Eva"]
[Black "Falke, Ornella"]
[Result "1/2-1/2"]
[Termination "normal"]
[Board "8"]
[WhiteElo "1790"]
[BlackElo "1674"]
[WhiteClock "00:18:15"]
[BlackClock "00:17:49"]
[PlyCount "88"]
[WhiteFideId "16200594"]
[BlackFideId "16207092"]
[EventCountry "GER"]
[EventRounds "9"]
[EventType "swiss"]
[EventDate "2021.08.22"]

1. e4 {[%clk 1:30:58]} e6 {[%clk 1:30:45]} 2. d4 {[%clk 1:31:22]} d5 {[%clk
1:31:10]} 3. Nd2 {[%clk 1:31:37]} c5 {[%clk 1:31:30]} 4. c3 {[%clk 1:25:44]}
cxd4 {[%clk 1:30:09]} 5. cxd4 {[%clk 1:25:38]} dxe4 {[%clk 1:28:59]} 6. Nxe4
{[%clk 1:25:57]} Nf6 {[%clk 1:23:49]} 7. Bg5 {[%clk 1:12:22]} Bb4+ {[%clk
1:14:35]} 8. Nc3 {[%clk 1:10:24]} h6 {[%clk 0:59:58]} 9. Be3 {[%clk 0:59:17]}
Bd7 {[%clk 0:55:37]} 10. Nf3 {[%clk 0:57:44]} O-O {[%clk 0:53:51]} 11. Bd3
{[%clk 0:56:48]} Qa5 {[%clk 0:46:14]} 12. Bd2 {[%clk 0:52:46]} Nc6 {[%clk
0:44:42]} 13. O-O {[%clk 0:48:51]} Qb6 {[%clk 0:39:55]} 14. Be3 {[%clk
0:46:21]} Nd5 {[%clk 0:40:16]} 15. Bc2 {[%clk 0:37:21]} Nxe3 {[%clk 0:37:36]}
16. fxe3 {[%clk 0:37:37]} Be7 {[%clk 0:35:38]} 17. Qd3 {[%clk 0:35:31]} g6
{[%clk 0:35:55]} 18. a3 {[%clk 0:34:13]} Bf6 {[%clk 0:33:05]} 19. Ne4 {[%clk
0:28:32]} Bg7 {[%clk 0:33:13]} 20. Nfd2 {[%clk 0:22:29]} Ne7 {[%clk 0:18:59]}
21. Nc4 {[%clk 0:20:02]} Qd8 {[%clk 0:18:56]} 22. Ne5 {[%clk 0:14:53]} Bc6
{[%clk 0:17:41]} 23. Nxc6 {[%clk 0:12:39]} Nxc6 {[%clk 0:17:58]} 24. Rf3 {[%clk
0:10:15]} Ne7 {[%clk 0:13:29]} 25. Raf1 {[%clk 0:08:26]} Nd5 {[%clk 0:13:57]}
26. Nc3 {[%clk 0:07:27]} Rc8 {[%clk 0:13:35]} 27. Nxd5 {[%clk 0:06:07]} Qxd5
{[%clk 0:13:44]} 28. Bb3 {[%clk 0:05:50]} Qd7 {[%clk 0:14:04]} 29. Qe4 {[%clk
0:05:40]} Rce8 {[%clk 0:11:45]} 30. R3f2 {[%clk 0:03:55]} Re7 {[%clk 0:11:51]}
31. Rc2 {[%clk 0:03:07]} h5 {[%clk 0:07:57]} 32. Qf4 {[%clk 0:02:45]} Rc8
{[%clk 0:07:43]} 33. Qf2 {[%clk 0:02:36]} Rc7 {[%clk 0:06:59]} 34. Rfc1 {[%clk
0:02:50]} Qc8 {[%clk 0:07:15]} 35. Qd2 {[%clk 0:02:31]} Bh6 {[%clk 0:07:32]}
36. Qd3 {[%clk 0:02:17]} Rxc2 {[%clk 0:07:20]} 37. Rxc2 {[%clk 0:02:40]} Rc7
{[%clk 0:07:17]} 38. Kf2 {[%clk 0:01:46]} Kf8 {[%clk 0:06:01]} 39. Rxc7 {[%clk
0:01:30]} Qxc7 {[%clk 0:06:27]} 40. Qc3 {[%clk 0:00:46]} Qxc3 {[%clk 0:00:42]}
41. bxc3 {[%clk 0:01:01]} Ke7 {[%clk 0:29:50]} 42. Ke2 {[%clk 0:30:22]} a6
{[%clk 0:28:12]} 43. a4 {[%clk 0:28:26]} Kd6 {[%clk 0:23:22]} 44. Kd3 {[%clk
0:18:15]} f5 {[%clk 0:17:49]} 1/2-1/2